000 00269nam a2200097Ia 4500
001 785743
005 20250826170306.0
008 250824s9999 xx 000 0 und d
245 0 _aARAMIZDA KALSIN!:SEN BİR HARİKASIN!
_cDR.PATRİCE EON
260 _bGENÇ TİMAŞ YAYINLARI
999 _c785743
_d785743